000 00753nam a2200229Ii 4500
003 JO-AjNU
008 230605s9999||||xx |||||||||||||| ||und||
017 _a2011/20734
020 _a978-977-5029-42-3
040 _aJO-AjNU
_bara
_erda
_cJO-AjNU
041 _aara
050 1 4 _aTD430.2012
100 3 _aالسرو، احمد,
_eauthor
_951487
245 0 0 _aالعمليات الاساسية لتنقية مياة الشرب =Basic Processes for Drinking Water Purification
250 _aط1
264 3 1 _aالقاهرة:دار الكتب العلمية ، 2012
300 _a304ص
336 _atext
_btxt
_2rdacontent
337 _aunmediated
_bn
_2rdamedia
338 _avolume
_bnc
_2rdacarrier
650 4 _aالمياة-تنقية
_951488
999 _aA22749
_c26317
_d26317